000 00525nam a2200205Ia 4500
005 20250326143232.0
008 250326s9999 xx 000 0 und d
020 _a81-7446-216-3
037 _aTextbook
040 _aFMSL
_beng
_cFMSL
041 _aeng
_2eng
084 _aX:74 P0
_qFMSL
100 _aAgarwal Raj
_9747673
245 0 _aBusiness enviornment
_cAgarwal Raj
250 _a2
260 _aDelhi
_bDelhi, Excel
_c2000
300 _axvi,818
942 _cTB
_hX:74 P0
999 _c1298718
_d1298718